| 000 | 00698nam a2200289Ia 4500 | ||
|---|---|---|---|
| 005 | 20260324141659.0 | ||
| 008 | 008 260324s9999 xx 000 0 eng d | ||
| 020 | _a9780203053324 | ||
| 037 | _aEBOOK | ||
| 040 | _aCRL | ||
| 040 | _beng | ||
| 040 | _cCRL | ||
| 041 | _2eng | ||
| 041 | _aeng | ||
| 084 | _qCRL | ||
| 100 |
_aCesare Cornoldi; Jane V. Oakhill _91209101 |
||
| 245 | 0 | _aReading Comprehension Difficulties | |
| 245 | 0 | _bProcesses and Intervention | |
| 260 | _bTaylor and Francis | ||
| 260 | _c1996 | ||
| 365 | _a | ||
| 365 | _b255 | ||
| 856 | _uhttp://www.taylorfrancis.com/books/9780203053324 | ||
| 942 | _cEBOOK | ||
| 999 |
_c1812458 _d1812458 |
||